| 000 | 01113nam a2200217 i 4500 | ||
|---|---|---|---|
| 001 | 118059 | ||
| 003 | ES-MaACL | ||
| 005 | 20240312062544.0 | ||
| 007 | t| | ||
| 008 | 070214s1919 sp f |||| | spa d | ||
| 100 | 1 |
_aPáramo, Platón. _988932 |
|
| 245 | 1 | 3 |
_aLa cerámica antigua de Talavera / _cPlatón Páramo. |
| 260 |
_aMadrid : _b[s. n.], _c1919 ( _fImp. Clásica Española) |
||
| 300 |
_a47 p., [20] h. de lám. ; _c28 cm. |
||
| 594 | _aEn preámbulo: "Invitado el año anterior por los señores Lampérez y Lafora, presidente y secretario, respectivamente, de la Sección de Artes Plásticas del Ateneo, para dar una conferencia con proyecciones sobre la cerámica antigua de Talavera, este libro no será más que la reproducción, pequeñamente ampliada de dicha conferencia, con sólo la variante de sustituir las proyecciones por láminas de fototipia" | ||
| 610 | 2 | 4 |
_aAteneo de Madrid- _vConferencias- _y1900-1939 _91907 |
| 650 | 4 |
_aCerámica de Talavera. _9147824 |
|
| 710 | 2 |
_aAteneo de Madrid. _bSección de Artes Plásticas. _91970 |
|
| 852 |
_aES-MaACL _jG-7764 |
||
| 999 |
_c118059 _d118059 |
||